00516nam a2200181Ia 450000500170000000800410001702000150005808200210007310000170009424500230011126000400013430000160017465000150019065000100020594200060021595200980022199900150031920250106033029.0240331s9999 xx 000 0 und d a0422793604 bMIK25413a305.2 aO'Donnell, M 0aAge and Generation aLondonbTavistock Publicationc1985 avi, 154 p., aGeneration aYouth cL 001040708LaWERCLbWERCLcSSCd2024-03-31l0o 305.2 O'DOp5413r2024-03-31w2024-03-31yL c1525d1525